000 00461nam a2200169 i 4500
001 94775
003 ES-MaACL
005 20230906181543.0
007 t|
008 050516s1967 sp ||||1| spa d
100 1 _aLozano, Carmelo M.
_974410
245 1 0 _aGambito de alfil de rey /
_cCarmelo M. Lozano.
250 _a[1ª ed.].
260 _aBarcelona :
_bPlaza & Janés,
_c1967.
300 _a246 p., 4 h. ;
_c19 cm.
852 _aES-MaACL
_jC-32182
_bR.62611
999 _c94775
_d94775